00608 2200205 4500001002100000005001700021008004100038035002400079082001800103090002600121245010800147260002900255300001800284650002500302700002700327850001200354980001500366985000600381999001500387YOGYA-0209000005962420090227034654.0 ind  0010-020900000059624 a793.709921124 a793.709921124bHudlT aHUTINTA ni si malungun = (teka-teki si mlungun)cDikumpulkan dan alih bahasa oleh Henri guntur Taringan aJakartabDepdikbudc1980 a93 hlmc21 cm aTeka-Teki Simalungan aTaringan, Henri Guntur aYOPDYOG a27-08-2008 a1 aa000057559